Slightly Stoopid Discography - Statistics

General Stats
  • This quiz has been taken 5 times
  • The average score is 3 of 13
Answer Stats
Type Year Name % Correct
Album 2003 Everything You Need
100%
Album 2005 Closer to the Sun
75%
Album 1998 The Longest Barrel Ride
75%
Album 2007 Chronchitis
25%
Album 1996 Slightly $toopid
25%
Album 2012 Top of the World
25%
Live Album 2004 Acoustic Roots: Live & Direct
0%
DVD 2006 Live in San Diego
0%
Album 2013 Meanwhile...Back at the Lab
0%
Album 2008 Slightly Not Stoned Enough to Eat Breakfast Yet Stoopid
0%
EP 2008 Slightly Not Stoned Enough to Eat Breakfast Yet Stoopid EP
0%
Collaborative Live Album 2013 Slightly Stoopid & Friends: Live at Roberto's TRI Studios
0%
Live Album 2006 Winter Tour '05-'06
0%
No matching quizzes found
Score Distribution
Percent of People with Each Score
Percentile by Number Answered
Your Score History
You have not taken this quiz